[Event "VIE-chT (Women)"]
[Site "Ho Chi Minh City"]
[Date "2019.09.27"]
[Round "3.14"]
[White "Vo, Thi Thuy Tien"]
[Black "Chau, Thi Ngoc Giao"]
[Result "0-1"]
[WhiteElo "1766"]
[BlackElo "2137"]
[PlyCount "50"]
[EventDate "2019.09.26"]
[EventType "swiss"]
[EventRounds "9"]
[EventCountry "VIE"]
[SourceTitle "EXT 2020"]
[Source "ChessBase"]
[SourceDate "2019.10.17"]
[SourceVersion "1"]
[SourceVersionDate "2019.10.17"]
[SourceQuality "1"]

1. d4 d5 2. c4 c6 3. Nc3 Nf6 4. Nf3 e6 5. e3 Nbd7 6. Bd3 Bd6 7. 0-0 0-0 8. Qe2 dxc4 9. Bxc4 e5 10. e4 exd4 11. Nxd4 Ne5 12. h3 Re8 13. Bb3 Ng6 14. Rd1 Qe7 15. Re1 Be5 16. Be3 Qc7 17. Qc2 Qa5 18. Rad1 Bc7 19. Bc1 Qh5 20. Nd5 Nxd5 21. exd5 Bxh3 22. gxh3 Qxh3 23. f4 Bb6 24. Rf1 Nh4 25. Qd3 Qg2# 0-1

[Event "VIE Cup (Women)"]
[Site "Bac Giang"]
[Date "2018.06.05"]
[Round "9"]
[White "Ton, Nu Hong An"]
[Black "Vo, Thi Thuy Tien"]
[Result "1-0"]
[WhiteElo "1943"]
[BlackElo "1789"]
[PlyCount "135"]
[EventDate "2018.05.30"]
[EventType "swiss"]
[EventRounds "9"]
[EventCountry "VIE"]
[SourceTitle "CBM 184 Extra"]
[Source "ChessBase"]
[SourceDate "2018.06.28"]
[SourceVersion "1"]
[SourceVersionDate "2018.06.28"]
[SourceQuality "1"]

1. d4 Nf6 2. c4 g6 3. Nc3 Bg7 4. e4 d6 5. f3 0-0 6. Be3 e5 7. Nge2 a6 8. Qd2 exd4 9. Nxd4 Nc6 10. Be2 Re8 11. 0-0 Bd7 12. Rad1 Nxd4 13. Bxd4 Bc6 14. b4 b6 15. b5 axb5 16. cxb5 Bd7 17. Bc4 Be6 18. Bxf6 Qxf6 19. Nd5 Bxd5 20. Qxd5 Qe7 21. f4 Qxe4 22. Qxe4 Rxe4 23. Bd5 Rea4 24. Bxa8 Rxa8 25. Rfe1 Bf6 26. Re2 Ra4 27. g3 Rb4 28. Re8+ Kg7 29. Rc8 Bd4+ 30. Kg2 Bc5 31. Rd2 Rxb5 32. Rxc7 Rb1 33. Kf3 Rb4 34. Rd7 Ra4 35. Re2 Ra3+ 36. Ke4 Ra8 37. Kd5 Kf6 38. Ree7 Rf8 39. g4 h6 40. a4 Ba3 41. Rb7 Bc5 42. Red7 Kg7 43. Kc6 Be3 44. Rxb6 Bxb6 45. Kxb6 Rb8+ 46. Ka5 Ra8+ 47. Kb4 Rb8+ 48. Ka3 Re8 49. a5 Re3+ 50. Kb4 Re4+ 51. Kb5 Rxf4 52. a6 Rf2 53. a7 Ra2 54. Kb6 Rb2+ 55. Kc7 Ra2 56. Kb8 Kf6 57. Rxd6+ Kg5 58. Rd4 Rb2+ 59. Kc7 Ra2 60. Kb6 Kh4 61. g5+ Kxg5 62. Rd5+ f5 63. Ra5 Rxa5 64. Kxa5 Kh4 65. a8Q Kh3 66. Qb8 Kg4 67. Qg3+ Kh5 68. Qf4 1-0

[Event "VIE Cup (Women)"]
[Site "Bac Giang"]
[Date "2018.05.31"]
[Round "3"]
[White "Vo, Thi Thuy Tien"]
[Black "Vu, My Linh"]
[Result "1-0"]
[WhiteElo "1789"]
[BlackElo "1349"]
[PlyCount "117"]
[EventDate "2018.05.30"]
[EventType "swiss"]
[EventRounds "9"]
[EventCountry "VIE"]
[SourceTitle "CBM 184 Extra"]
[Source "ChessBase"]
[SourceDate "2018.06.28"]
[SourceVersion "1"]
[SourceVersionDate "2018.06.28"]
[SourceQuality "1"]

1. d4 Nf6 2. c4 g6 3. Nf3 Bg7 4. g3 0-0 5. Bg2 d6 6. 0-0 Nc6 7. Nc3 e5 8. Bg5 exd4 9. Nxd4 Nxd4 10. Qxd4 h6 11. Be3 Ng4 12. Qd2 Nxe3 13. Qxe3 Re8 14. Qd2 Rb8 15. Rfe1 Be6 16. b3 Qd7 17. Rad1 Bh3 18. Bh1 Qg4 19. Nd5 Qd7 20. c5 c6 21. Nf4 d5 22. b4 g5 23. Nd3 f5 24. e3 d4 25. Nb2 Rbd8 26. Nc4 b6 27. Nd6 Re6 28. exd4 f4 29. Rxe6 Qxe6 30. d5 Qg4 31. dxc6 fxg3 32. hxg3 Bc3 33. Qd5+ Qe6 34. Qxe6+ Bxe6 35. Bd5 Bxd5 36. Rxd5 Bxb4 37. c7 Rf8 38. c8Q Rxc8 39. Nxc8 Bxc5 40. Nxa7 Kf7 41. Nb5 Kf6 42. Kg2 h5 43. a4 Bb4 44. Kf3 g4+ 45. Ke4 Kg6 46. f3 Ba5 47. fxg4 hxg4 48. Kf4 Kf6 49. Rd6+ Ke7 50. Kxg4 Kf7 51. Kf5 Ke7 52. g4 Kf7 53. Rd7+ Ke8 54. Rb7 Kf8 55. Kf6 Kg8 56. g5 Kh8 57. g6 Bc3+ 58. Nxc3 b5 59. Rb8# 1-0

[Event "VIE Cup (Women)"]
[Site "Bac Giang"]
[Date "2018.05.30"]
[Round "1"]
[White "Vo, Thi Thuy Tien"]
[Black "Tong, Thai Hoang An"]
[Result "1-0"]
[WhiteElo "1789"]
[BlackElo "1771"]
[PlyCount "113"]
[EventDate "2018.05.30"]
[EventType "swiss"]
[EventRounds "9"]
[EventCountry "VIE"]
[SourceTitle "CBM 184 Extra"]
[Source "ChessBase"]
[SourceDate "2018.06.28"]
[SourceVersion "1"]
[SourceVersionDate "2018.06.28"]
[SourceQuality "1"]

1. d4 d5 2. c4 dxc4 3. Nc3 Nf6 4. e3 e6 5. Bxc4 c5 6. Nf3 a6 7. a4 b6 8. 0-0 Bb7 9. Qe2 Nc6 10. Rd1 Qc7 11. d5 exd5 12. Nxd5 Nxd5 13. Bxd5 Be7 14. b3 0-0 15. Bb2 Rad8 16. Qc4 Na5 17. Qg4 g6 18. Be5 Qc8 19. Qxc8 Bxc8 20. Bc7 Rd7 21. Bxb6 Nb7 22. Ne5 Bf6 23. Nxd7 Bxd7 24. Bxb7 Be6 25. Bd5 Bxa1 26. Bxe6 fxe6 27. Rxa1 Rb8 28. a5 Rc8 29. Rc1 Kf7 30. Rxc5 Re8 31. Kf1 Re7 32. Rc7 Rxc7 33. Bxc7 Kf6 34. e4 Ke7 35. Ke2 Kd7 36. Bb6 Kc6 37. b4 Kb5 38. Bc5 h6 39. f4 Kc4 40. Ke3 Kc3 41. g4 Kc4 42. f5 exf5 43. gxf5 gxf5 44. e5 Kd5 45. Kf4 Ke6 46. h3 h5 47. h4 Kf7 48. Kxf5 Ke8 49. Ke6 Kd8 50. Kf7 Kd7 51. e6+ Kc6 52. e7 Kd7 53. e8Q+ Kc7 54. Qe6 Kb7 55. Bb6 Kb8 56. Qd7 Ka8 57. Qa7# 1-0